000 00850nas a22002531i#4500
001 1891
003 ES-MaACL
005 20250902011643.0
007 t|
008 950801d18851896sp | | 1 ||pa d
080 _a911.3:339
245 0 0 _aRevista de geografía comercial.
260 _aMadrid :
_bSociedad Española de Geografía Comercial,
_c1885-1896 (
_fFortanet)
300 _a5 v. ;
_c30 cm.
310 _aIrregular
362 0 _aAño 1, n. 1/2 (30 jun. 1885)-año 12, n. 158, 159 y 160 ([1896])
530 _aDisponible en formato digital.
650 0 7 _aGeografía comercial
_2embne
_913075
710 2 _aSociedad Española de Geografía Comercial
_9134882
852 _aES-MaACL
_jG-5961-65
856 _uhttp://hemerotecadigital.bne.es/issn/2171-4266
_zHemeroteca Digital
866 0 _o1885-96.
999 _c1891
_d1891